000 00360nam a22001337a 4500
008 230623b xxu||||| |||| 00| 0 eng d
020 _a9966900322
082 _a330.
_bKIL 1997
245 _aFiscal Operations, Money Supply and Inflation in Tanzania
260 _bAfrican Economic Research Consortium
_c1997
300 _a40p
440 _n65
942 _2ddc
_cBK
999 _c2419
_d2419